000 00412nam a2200145Ia 4500
008 231129s2011||||xx |||||||||||||| ||spa||
020 _a978-85-8044-105-5
040 _bspa
082 _a980 N231g
100 _aNarloch Leandro
245 0 _aGuí­a polí­ticamente incorrecto da América Latina
260 _c2011
264 _aSao Paulo Brasil : Leya
942 _2ddc
_cBKS
999 _c14802
_d14802